000 00425nam a2200181Ia 4500
001 9740
005 20260306161740.0
008 260306t1998||||xx |||||||||||||| ||spa||
041 _aESP
082 _a410
_bL87
100 _aLópez Chávez, Juan
_eAUT
245 0 _aLengua y literaturas hispánicas
260 _c1998
300 _a362 páginas :
_c23 cm.
650 _aGEN
654 _aCED
942 _cLIB
_dJUS
_fJUS
_2ddc
_n
999 _c9740
_d9740